Music Quiz

Random Music or Song Quiz

'Hello' Songs Quiz Stats

 Plays Quiz not verified by Sporcle

Challenge
Share
Tweet
Score 0/26 Timer 03:00
0 Plays Today
Time Artist % Correct
0:03-0:04Lionel Richie
93.8%
0:15-0:16The Beatles
87.5%
0:31-0:32Simon and Garfunkel
87.5%
0:00-0:02Adele
81.3%
0:08-0:10The Doors
81.3%
0:17-0:19U2
81.3%
0:11-0:12Louie Armstrong
75%
0:05-0:07Pink Floyd
68.8%
0:13-0:14Beyonce
68.8%
0:20-0:22Neil Diamond
68.8%
0:41-0:42The Big Bopper
68.8%
0:39-0:40Lady Gaga
56.3%
0:23-0:24Electric Light Orchestra
50%
Time Artist % Correct
0:46-0:48The Cars
50%
0:25-0:27Kelly Clarkson
31.3%
0:33-0:34Ricky Nelson
31.3%
0:35-0:36Todd Rundgren
31.3%
0:43-0:44Bob Dylan
31.3%
0:49-0:51Melissa Etheridge
31.3%
0:45-0:45Eminem
25%
0:52-0:53The Runaways
25%
0:37-0:38Eric Clapton
18.8%
0:28-0:30Evanescence
12.5%
0:56-0:56The White Stripes
12.5%
0:57-1:00Allen Sherman
12.5%
0:54-0:55Ice Cube
6.3%

You're not logged in!

Compare scores with friends on all Sporcle quizzes.
Join for Free
OR
Log In

You Might Also Like...

Show Comments

Extras

Created Apr 11, 2016ReportNominate
Tags:Artist Quiz, Song Quiz, hello

Top Quizzes Today


Score Distribution

Your Account Isn't Verified!

In order to create a playlist on Sporcle, you need to verify the email address you used during registration. Go to your Sporcle Settings to finish the process.

Report this User

Report this user for behavior that violates our Community Guidelines.

Details: